Délmagyarország. - 1973. június 16., Szombat
Elmentve itt :
| Dokumentumtípus: | Újság |
|---|---|
| Megjelent: |
1973-06-16
|
| Sorozat: | Délmagyarország
63 No. 139 |
| Online Access: | http://dmarchiv.bibl.u-szeged.hu/18998 |
| LEADER | 00489nas a2200145 i 4500 | ||
|---|---|---|---|
| 001 | delm18998 | ||
| 005 | 20200415081108.0 | ||
| 008 | 171215s1973 hu n o 0|| hun d | ||
| 022 | |a 0133-025X | ||
| 040 | |a SZTE Délmagyarország Archívum |b hun | ||
| 041 | |a hun | ||
| 245 | 0 | 0 | |a Délmagyarország. - 1973. június 16., Szombat |h [elektronikus dokumentum] |
| 260 | |c 1973-06-16 | ||
| 490 | 0 | |a Délmagyarország |v 63 No. 139 | |
| 856 | 4 | 0 | |u http://dmarchiv.bibl.u-szeged.hu/18998/1/dm_1973_139.pdf |z Dokumentum-elérés |